| 000 | 00825nam a2200253 i 4500 | ||
|---|---|---|---|
| 001 | 000035970 | ||
| 003 | DO-SdBNP | ||
| 005 | 20260527144919.0 | ||
| 007 | ta | ||
| 008 | 260209s1987 dr 000 0 spa d | ||
| 040 |
_aDO-SdBNP _bspa _cBNPHU _erda |
||
| 041 | _aspa | ||
| 082 | 4 |
_axxx _bV145m _222 |
|
| 100 | 1 |
_aValdez, Cristóbal, _eautor _4aut. _91612 |
|
| 245 | 1 | 0 |
_aModelo de desarrollo urbano y organización interna del espacio en Santo Domingo, D.N / _cCristóbal Valdéz |
| 264 |
_aSanto Domingo : _bInstituto Dominicano de Desarrollo Integral : Fundación Friedrich Ebert, _c1987. |
||
| 300 |
_a90 páginas ; _c22 cm. |
||
| 336 |
_atexto _btxt _2rdacontent |
||
| 337 |
_asin mediación _bn _2rdamedia |
||
| 338 |
_avolumen _bnc _2rdacarrier |
||
| 590 | _aInventariado, 2026/DG | ||
| 910 | _aDG | ||
| 942 |
_2ddc _cLBS1 |
||
| 999 |
_c60268 _d60268 |
||